banner-ar

TEXTILE DESIGNS: 200 YEARS OF PATTERNS FOR PRINTED FABRICS / (Record no. 13834)

MARC details
000 -الفاتح
حقل البيانات ثابتة الطول 00534nam a2200205Ia 4500
008 - عناصر البيانات ثابتة الطول - معلومات عامة
حقل البيانات ثابتة الطول 140319s9999 xx 000 0 eng d
040 ## - مصدر الفهرسة
وكالة الفهرسة الأصلية GCL /
وكالة النسخ GCL
082 04 - رقم تصنيف ديوى العشرى
رقم التصنيف 745.4
رقم المادة M T
100 1# - المدخل الرئيسى - إسم شخصى
الإسم الشخصى ELFFERS, JAOST
245 10 - بيان العنوان
العنوان TEXTILE DESIGNS: 200 YEARS OF PATTERNS FOR PRINTED FABRICS /
بيان المسئوليه,etc ELFFERS, JAOST
700 1# - المدخل الاضافى - اسم شخصى
الإسم الشخصى MELLER, SUSAN
260 ## - PUBLICATION, DISTRIBUTION, ETC. (IMPRINT)
تاريخ النشر أو التوزيع 1995
300 ## - الوصف المادى
التعداد 464 P
650 04 - المدخل الاضافى بالموضوع-مصطلح موضوعى
مصطلح موضوعي TEXTILE
650 04 - المدخل الاضافى بالموضوع-مصطلح موضوعى
مصطلح موضوعي TEXTILE DESIGN
650 04 - المدخل الاضافى بالموضوع-مصطلح موضوعى
مصطلح موضوعي ARTS
650 04 - المدخل الاضافى بالموضوع-مصطلح موضوعى
مصطلح موضوعي DESIGNS
942 ## - عناصر المدخل الإضافي( كوها)
مصدر التصنيف او مخطط الترفيف Dewey Decimal Classification
Koha [default] item type كتاب
260 ## - PUBLICATION, DISTRIBUTION, ETC. (IMPRINT)
-- [S.N] :
-- THAMES AND HUDSON ،
Holdings
حالة التراجع حالة الفقد حالة تلف ليس للاعارة المكان المؤقت الموقع الحالى تاريخ الاكتساب اجمالي اﻻعارات رقم الطلب الباركود تاريخ اخر مشاهدة تاريخ تفعيل السعر نوع وعاء كوها
        مكتبة القاهرة الكبرى مكتبة القاهرة الكبرى 03/26/2014   745.4\M T 26222 03/26/2014 03/26/2014 كتاب

Powered By

EGPV